000 00944nam a2200253 i 4500
001 173933
003 ES-MaACL
005 20250726053829.0
008 100129s2008 mx a |||| | spa d
080 _a556.1
245 0 0 _aAgua, el líquido de la vida
_b: cómo darle un uso eficiente al agua para el bienestar social.
260 _aOaxaca :
_bUniversidad Tecnológica de la Mixteca,
_c[2008]
300 _a54 p. :
_bil. col. y n. ;
_c26 cm.
490 1 _aCuadernos de divulgación técnica y científica ;
_v2
504 _aReferencias bibliográficas.
594 _aDir. editorial: Reina Ortiz Escamilla.
650 7 _aAgua
_2embne
_9135514
650 4 _aGestión del agua.
_9142076
700 1 _aOrtiz Escamilla, Reina.
_9141354
710 2 _aUniversidad Tecnológica de la Mixteca.
_9142075
830 0 _aCuadernos de divulgación técnica y científica ;
_v2
_9189267
852 4 _a BA
_j2279-F-18
999 _c173933
_d173933